Double-Named Companies - Statistics

General Stats
  • This quiz has been taken 548 times
    129 since last reset
  • The average score is 12 of 21
Answer Stats
Founded Hint Initials Company % Correct
1903 Motorcycles HD Harley-Davidson
91%
1886 Pharmaceuticals, consumer packaged goods JJ Johnson & Johnson
83%
1945 Ice cream BR Baskin-Robbins
81%
1904 Automobiles, engines RR Rolls-Royce
78%
1939 PCs, test equipment, printers HP Hewlett-Packard
71%
1837 Cleaning agents, personal care PG Procter & Gamble
71%
1930 Toys FP Fisher-Price
68%
1985 Fashion DG Dolce & Gabbana
66%
1852 Firearms SW Smith & Wesson
64%
1929 Banking, financial services WF Wells Fargo
55%
1892 Clothing AF Abercrombie & Fitch
53%
1869 Investment bank, financial services GS Goldman Sachs
52%
1831 Reference books MW Merriam-Webster
48%
1866 Paint SW Sherwin-Williams
48%
1852 Beer AB Anheuser-Busch
46%
1957 Animation HB Hanna-Barbera
46%
1884 Retailer: clothing, beauty, home, food MS Marks & Spencer
33%
1935 Investment management, financial services MS Morgan Stanley
32%
1914 Investment bank ML Merrill Lynch
31%
1853 Eye-care products BL Bausch & Lomb
28%
1888 Educational publisher MH McGraw-Hill
15%
No matching quizzes found
Score Distribution
Percent of People with Each Score
Percentile by Number Answered
Your Score History
You have not taken this quiz since the last reset